21st Annual Conference of the Australasian Association for Engineering Education & 2010 Fall CDIO Collaborators´ Meeting : 5 - 8 December, 2010. Program & Abstracts

Na minha lista:
Detalhes bibliográficos
Formato: Livro
Idioma:inglês
Publicado em: Sydney : University of Technology, 2010
Tags: Adicionar Tag
Sem tags, seja o primeiro a adicionar uma tag!

MARC

LEADER 00000nam a22000003a 4500
001 stu219972
005 20150408182829.4
008 110113s2010----at------------------eng-d
040 |a STU  |b slo 
041 0 |a eng 
044 |a at 
245 |a 21st Annual Conference of the Australasian Association for Engineering Education & 2010 Fall CDIO Collaborators´ Meeting :  |b 5 - 8 December, 2010. Program & Abstracts 
260 |a Sydney :  |b University of Technology,  |c 2010 
300 |a 68 s 
996 |b 284M079089  |c M*Z-3752  |l MMKN  |s A  |a 24  |w stu219972_0001 
996 |b 284M079088  |c M*Z-3751  |l MMKN  |s A  |a 24  |w stu219972_0002